Estatísticas para Recordes da Formula 1

Clique aqui para jogar o quiz

Estatísticas Gerais

  • Esse quiz foi jogado 228 vezes
  • A pontuação média é 9 de 14

Estatísticas das Respostas

RecordeDetentor% Correto
Piloto com mais VitóriasLewis Hamilton
99%
Piloto com mais PódiosLewis Hamilton
99%
Equipe com mais GPs disputadosFerrari
98%
Piloto mais jovem a disputar um GPMax Verstappen
93%
Piloto com mais Voltas mais rápidasMichael Schumacher
90%
Campeão de Formula 1 mais jovemSebastian Vettel
81%
Piloto com mais GPs disputadosFernando Alonso
80%
Piloto mais vezes em uma equipe campeã de construtores que nunca foi campeão mundialRubens Barrichello
60%
Piloto que mais disputou corridas sem subir uma vez sequer no pódioNico Hülkenberg
55%
Piloto que mais tempo levou para fazer sua primeira pole-positionSergio Perez
40%
Piloto que levou mais tempo para conquistar seu primeiro pódio na F1Carlos Sainz Jr.
34%
Piloto vencedor com o maior número de pit stops na corridaJenson Button
33%
O campeão com a melhor média de vitóriasAlberto Ascari
21%
Piloto com mais pódios sem ter vencido uma corridaNick Heidfeld
12%

Distribuição das Pontuações

Percentil de Números Respondidos

Porcentagem de Pessoas com Cada Pontuação

Sua Pontuação Histórica

Você não jogou esse quiz